Makroekonomická regulace v transformačním období
Guardado en:
| Autor principal: | |
|---|---|
| Formato: | Libro |
| Lenguaje: | eslovaco checo |
| Publicado: |
Bratislava
Prognostický ústav SAV
1994
|
| Edición: | 1. vyd. |
| Colección: | Otvorená séria
Č.2 |
| Materias: | |
| Etiquetas: |
Sin Etiquetas, Sea el primero en etiquetar este registro!
|
MARC
| LEADER | 00000nam a2200000 4500 | ||
|---|---|---|---|
| 001 | c010106 | ||
| 005 | 20221128073257.7 | ||
| 041 | 0 | |a slo | |
| 041 | 0 | |a cze | |
| 044 | |a SK | ||
| 245 | 1 | 0 | |a Makroekonomická regulace v transformačním období |c Růžena Vintrová |
| 250 | |a 1. vyd. | ||
| 264 | 1 | |a Bratislava |b Prognostický ústav SAV |c 1994 | |
| 300 | |a 29 s. | ||
| 490 | 1 | |a Otvorená séria |v Č.2 | |
| 830 | 0 | |a Otvorená séria |v Č.2 | |
| 610 | 2 | 0 | |a regulácia |
| 610 | 2 | 0 | |a makroekonomika |
| 610 | 2 | 0 | |a trh |
| 610 | 2 | 0 | |a transformácia |
| 610 | 2 | 0 | |a politika hospodárska |
| 100 | 1 | |a Vintrová, Růžena | |